Ganadores Red Bull Batalla Argentina - Estadísticas

Estadísticas generales
  • Esta prueba ha sido intentada 145 veces
  • La puntuación promedio es 10 de 16
Estadísticas de respuestas
Año MC % Correcto
2017 Wos
98%
2016 Papo
97%
2019 Trueno
95%
2013 Dtoke
93%
2015 Dtoke
93%
2022 Mecha
82%
2021 Klan
73%
2014 Sony
71%
2005 Frescolate
69%
2012 Tata
68%
2020 Tata
68%
2018 Dozer
54%
2023 Jesse Pungaz
43%
2006 CNO
18%
2008 Obie One
13%
2007 C-Bos
12%
No se encontraron pruebas coincidentes
Distribución de puntuación
Porcentaje de gente con cada puntuación
Porcentaje por número respondido
Historial de tus puntuaciones
No has intentado esta prueba.